KOHA-Header-6

Digital Transmission Hierarchies and Networks (Record no. 9848)

000 -LEADER
fixed length control field 00277nam a2200109Ia 4500
100 ## - MAIN ENTRY--AUTHOR NAME
Personal name P V Sreekanth
245 #0 - TITLE STATEMENT
Title Digital Transmission Hierarchies and Networks
260 ## - PUBLICATION, DISTRIBUTION, ETC. (IMPRINT)
Place of publication Canada
Name of publisher Pearson
Year of publication 2001
300 ## - PHYSICAL DESCRIPTION
Number of Pages 577
942 ## - ADDED ENTRY ELEMENTS (KOHA)
Koha item type Books
Holdings
Withdrawn status Lost status Collection code Permanent Location Current Location Shelving location Date acquired Full call number Accession Number Koha item type
    Computer Networking MAJU MAJU   2019-09-14 621.2 5855 Computer Networking

Powered by Koha